<?xml version='1.0' encoding='UTF-8'?>
  <record xmlns="http://www.loc.gov/MARC21/slim">
    <leader>00000cam a2200000 a 4500</leader>
    <controlfield tag="001">ocn605922524</controlfield>
    <controlfield tag="003">OCoLC</controlfield>
    <controlfield tag="005">20250709222053.9</controlfield>
    <controlfield tag="008">991230s1922    ie            000 0 gle d</controlfield>
    <datafield tag="040" ind1=" " ind2=" ">
      <subfield code="a">U5D</subfield>
      <subfield code="b">eng</subfield>
      <subfield code="c">U5D</subfield>
      <subfield code="d">OCLCQ</subfield>
      <subfield code="d">QGJ</subfield>
      <subfield code="d">OCLCQ</subfield>
      <subfield code="d">OCLCO</subfield>
      <subfield code="d">OCLCQ</subfield>
      <subfield code="d">OCLCL</subfield>
    </datafield>
    <datafield tag="019" ind1=" " ind2=" ">
      <subfield code="a">40220621</subfield>
    </datafield>
    <datafield tag="035" ind1=" " ind2=" ">
      <subfield code="a">(OCoLC)605922524</subfield>
      <subfield code="z">(OCoLC)40220621</subfield>
    </datafield>
    <datafield tag="041" ind1="1" ind2=" ">
      <subfield code="a">gle</subfield>
      <subfield code="h">spa</subfield>
      <subfield code="a">eng</subfield>
    </datafield>
    <datafield tag="082" ind1="0" ind2="4">
      <subfield code="a">863.3</subfield>
      <subfield code="q">OCoLC</subfield>
      <subfield code="1">https://id.oclc.org/worldcat/ddc/E44b8vcKy6c7vhRVmRqVWF949H</subfield>
    </datafield>
    <datafield tag="100" ind1="1" ind2=" ">
      <subfield code="a">Cervantes Saavedra, Miguel de,</subfield>
      <subfield code="d">1547-1616.</subfield>
      <subfield code="1">https://id.oclc.org/worldcat/entity/E39PBJmXM9yR94M4fGJHQFDcyd</subfield>
    </datafield>
    <datafield tag="240" ind1="1" ind2="0">
      <subfield code="a">Don Quixote.</subfield>
      <subfield code="l">Irish</subfield>
    </datafield>
    <datafield tag="245" ind1="1" ind2="0">
      <subfield code="a">Don Cíochóté /</subfield>
      <subfield code="c">an t-athair Peadar Ua Laoghaire, Canónach, S.P., do scrióbh ón sgéal Spainneach.</subfield>
    </datafield>
    <datafield tag="260" ind1=" " ind2=" ">
      <subfield code="a">Baile Átha Cliath :</subfield>
      <subfield code="b">Brún agus Ó Nóláin,</subfield>
      <subfield code="c">1922</subfield>
    </datafield>
    <datafield tag="300" ind1=" " ind2=" ">
      <subfield code="a">v, 86, xiv, xii pages ;</subfield>
      <subfield code="c">19 cm</subfield>
    </datafield>
    <datafield tag="336" ind1=" " ind2=" ">
      <subfield code="a">text</subfield>
      <subfield code="b">txt</subfield>
      <subfield code="2">rdacontent</subfield>
    </datafield>
    <datafield tag="337" ind1=" " ind2=" ">
      <subfield code="a">unmediated</subfield>
      <subfield code="b">n</subfield>
      <subfield code="2">rdamedia</subfield>
    </datafield>
    <datafield tag="338" ind1=" " ind2=" ">
      <subfield code="a">volume</subfield>
      <subfield code="b">nc</subfield>
      <subfield code="2">rdacarrier</subfield>
    </datafield>
    <datafield tag="500" ind1=" " ind2=" ">
      <subfield code="a">Preface by Conall Cearnach.</subfield>
    </datafield>
    <datafield tag="546" ind1=" " ind2=" ">
      <subfield code="a">Text in Irish, preface, notes and vocabulary in English.</subfield>
    </datafield>
    <datafield tag="650" ind1=" " ind2="0">
      <subfield code="a">Irish literature</subfield>
      <subfield code="x">Translations from Spanish.</subfield>
    </datafield>
    <datafield tag="650" ind1=" " ind2="0">
      <subfield code="a">Spanish literature</subfield>
      <subfield code="x">Translations into Irish.</subfield>
    </datafield>
    <datafield tag="650" ind1=" " ind2="7">
      <subfield code="a">Spanish literature.</subfield>
      <subfield code="2">fast</subfield>
      <subfield code="0">(OCoLC)fst01128568</subfield>
    </datafield>
    <datafield tag="655" ind1=" " ind2="7">
      <subfield code="a">Translations.</subfield>
      <subfield code="2">fast</subfield>
      <subfield code="0">(OCoLC)fst01423791</subfield>
    </datafield>
    <datafield tag="700" ind1="1" ind2=" ">
      <subfield code="a">O'Leary, Peter,</subfield>
      <subfield code="d">1839-1920.</subfield>
      <subfield code="1">https://id.oclc.org/worldcat/entity/E39PBJbxyD8bH7xWmPfxgb7rbd</subfield>
    </datafield>
    <datafield tag="700" ind1="1" ind2=" ">
      <subfield code="a">O'Connell, F. W.</subfield>
      <subfield code="q">(Frederick William),</subfield>
      <subfield code="d">1876-1929.</subfield>
      <subfield code="1">https://id.oclc.org/worldcat/entity/E39PBJrwV89gvpy4PchfBbGvHC</subfield>
    </datafield>
    <datafield tag="700" ind1="1" ind2=" ">
      <subfield code="a">Cervantes Saavedra, Miguel de,</subfield>
      <subfield code="d">1547-1616.</subfield>
      <subfield code="t">Don Quixote.</subfield>
      <subfield code="k">Selections.</subfield>
      <subfield code="l">Irish.</subfield>
    </datafield>
  </record>